Passati irregolari in inglese - Statistics

Statistiche generali
  • Questo quiz è stato fatto 99 volte
  • Il punteggio medio è 112 su 339
Statistiche sulle risposte
Risposta % Corretto
Essere Be
98%
Diventare Become
90%
Became
88%
Was/were
88%
Become
85%
Been
84%
Iniziare Begin
73%
Rompere Break
72%
Broke
70%
Broken
70%
Costruire Build
70%
Comprare Buy
70%
Began
69%
Bought
69%
Scommettere Bet
68%
Bought
68%
Built
67%
Built
67%
Begun
65%
Bet
65%
Bet
65%
Bruciare Burn
63%
Fare Do
63%
Came
62%
Venire Come
62%
Come
62%
Bere Drink
62%
Mangiare Eat
62%
Ate
60%
Portare Bring
60%
Did
60%
Drunk
60%
Cadere Fall
60%
Mordere Bite
59%
Scegliere Choose
59%
Done
59%
Drank
59%
Eaten
59%
Volare Fly
59%
Bit
58%
Bitten
58%
Sanguinare Bleed
58%
Costare Cost
58%
Cost
58%
Cost
58%
Tagliare Cut
58%
Disegnare Draw
58%
Fallen
58%
Burnt
57%
Chosen
57%
Cut
57%
Cut
57%
Chose
56%
Sognare Dream
56%
Drew
56%
Andare Go
56%
Gone
56%
Went
56%
Fell
54%
Trovare Find
54%
Dare Give
54%
Given
54%
Burnt
53%
Found
53%
Gave
53%
Avere Have
53%
Combattere Fight
52%
Found
52%
Had
52%
Soffiare Blow
51%
Guidare Drive
51%
Dimenticare Forget
51%
Forgot
51%
Forgotten
51%
Had
51%
Driven
49%
Drove
49%
Fought
49%
Blew
48%
Blown
48%
Brought
48%
Brought
48%
Fought
48%
Drawn
47%
Leggere Read
47%
Vedere See
47%
Bled
46%
Bled
46%
Perdonare Forgive
46%
Forgiven
46%
Imparare Learn
46%
Read
46%
Read
46%
Correre Run
46%
Saw
46%
Flew
44%
Knew
44%
Conoscere Know
44%
Pagare Pay
44%
Dire Say
44%
Dormire Sleep
44%
Slept
44%
Dreamt
43%
Dreamt
43%
Forgave
43%
Incontrare Meet
43%
Met
43%
Met
43%
Run
43%
Said
43%
Said
43%
Seen
43%
Cantare Sing
43%
Slept
43%
Flown
42%
Ran
42%
Sang
42%
Significare Mean
41%
Sung
41%
Sentire Hear
40%
Hidden
40%
Nascondere Hide
40%
Learnt
40%
Made
40%
Made
40%
Fare Make
40%
Paid
40%
Paid
40%
Parlare Speak
40%
Spoke
40%
Hid
38%
Learnt
38%
Perdere Lose
38%
Lost
38%
Vendere Sell
38%
Spoken
38%
Heard
37%
Lost
37%
Meant
37%
Meant
37%
Mettere Put
37%
Put
37%
Put
37%
Congelare Freeze
36%
Frozen
36%
Heard
36%
Colpire Hit
36%
Hit
36%
Hit
36%
Lasciare Leave
36%
Sentire Feel
35%
Felt
35%
Felt
35%
Froze
35%
Left
35%
Cavalcare Ride
35%
Inviare Send
35%
Sedersi Sit
35%
Ridden
33%
Ottenere Get
32%
Got
32%
Gotten
32%
Tenere Keep
32%
Kept
32%
Kept
32%
Left
32%
Rode
32%
Sent
32%
Sent
32%
Splendere Shine
32%
Sold
32%
Sold
32%
Nutrire Feed
31%
Sat
31%
Sat
31%
Mostare Show
31%
Pensare Think
31%
Scavare Dig
30%
Fed
30%
Fed
30%
Grew
30%
Grown
30%
Shown
30%
Ferire Hurt
28%
Hurt
28%
Hurt
28%
Sparare Shoot
28%
Shot
28%
Shot
28%
Avere odore Smell
28%
Stare in piedi Stand
28%
Insegnare Teach
28%
Scrivere Write
28%
Shone
27%
Rubare Steal
27%
Stole
27%
Stolen
27%
Capire Understand
27%
Vincere Win
27%
Written
27%
Wrote
27%
Won
26%
Won
26%
Raccontare Tell
25%
Understood
25%
Piegare Bend
23%
Dug
23%
Dug
23%
Shone
23%
Swam
23%
Giurare Swear
23%
Told
23%
Told
23%
Understood
23%
Indossare Wear
23%
Prendere Catch
22%
Spendere Spend
22%
Spent
22%
Spent
22%
Bent
21%
Permettere Let
21%
Let
21%
Let
21%
Rang
21%
Suonare Ring
21%
Sorgere Rise
21%
Smelt
21%
Smelt
21%
Swore
21%
Prendere Take
21%
Taken
21%
Taught
21%
Taught
21%
Took
21%
Svegliare Wake
21%
Wore
21%
Bent
20%
Prestare Lend
20%
Rose
20%
Rung
20%
Showed
20%
Stood
20%
Stood
20%
Woke
20%
Lent
19%
Lent
19%
Impostare Set
19%
Set
19%
Set
19%
Woken
19%
Appendere Hang
17%
Risen
17%
Caught
16%
Caught
16%
Hung
16%
Hung
16%
Giacere Lie
16%
Scuotere Shake
16%
Puzzare Stink
16%
Sworn
16%
Swum
16%
Condurre Lead
15%
Sank
15%
Shaken
15%
Chiudere Shut
15%
Shut
15%
Shut
15%
Affondare Sink
15%
Dividere Split
15%
Diffondere Spread
15%
Stank
15%
Pungere Sting
15%
Stunk
15%
Sunk
15%
Tenere Hold
14%
Split
14%
Split
14%
Stung
14%
Tought
14%
Held
12%
Held
12%
Led
12%
Led
12%
Shook
12%
Spread
12%
Spread
12%
Stung
12%
Lanciare Throw
12%
Tought
12%
Threw
11%
Thrown
11%
Worn
11%
Lay
10%
Incollare Stick
10%
Spazzare Sweep
10%
Strappare Tear
10%
Swept
9%
Swept
9%
Scoppiare Burst
7%
Slid
7%
Slid
7%
Scivolare Slide
7%
Tore
7%
Trattare Deal
6%
Dealt
6%
Dealt
6%
Nuotare Swin
6%
Torn
5%
Offrire Bid
4%
Bid
4%
Bid
4%
Restringere Shrink
4%
Sprang
4%
Saltare Spring
4%
Sprung
4%
Stuck
4%
Stuck
4%
Kown
2%
Laid
2%
Laid
2%
Lain
2%
Posare Lay
2%
Shrank
2%
Piangere Weep
2%
Burst
1%
Lanciare Cast
1%
Cast
1%
Cast
1%
Crescere Gow
1%
Shrunk
1%
Colpire Strike
1%
Struck
1%
Struck
1%
Wept
1%
Wept
1%
Busrt
0%
Tessere Weave
0%
Wove
0%
Woven
0%
Nessun quiz corrispondente trovato
Distribuzione punteggi
Percentuale di utenti per punteggio
Percentile per numero di risposta
I tuoi punteggi nel tempo
Non hai fatto questo quiz